The rise of civilization /

محفوظ في:

المؤلف الرئيسي: Oates, David, 1927- (مؤلف)

مؤلفون آخرون: Oates, Joan.

التنسيق: كتاب

اللغة: English

منشور في: [Oxford] : Elsevier Phaidon, 1976.

سلاسل: The Making of the past (Oxford, England).

الموضوعات:

الوسوم: إضافة وسم

لا توجد وسوم, كن أول من يضع وسما على هذه التسجيلة!

رقم الطلب: DS62.2 .O11 1976

LEADER 00910nam a2200301 i 4500
001 6361
003 OSt
005 20260127073939.0
008 130303s1976 enka b 001 0 eng d
010 |a 77362042 
015 |a GB*** 
020 |a 072900015X 
040 |c ARCE Library 
050 4 |a DS62.2 .O11 1976 
100 1 |a Oates, David,   |d 1927-,   |e author 
245 1 4 |a The rise of civilization /  |c by David and Joan Oates. 
264 1 |a [Oxford] :  |b Elsevier Phaidon,  |c 1976. 
300 |a 151 pages :   |b illustrations ;   |c 30 cm. 
490 0 |a The Making of the past (Oxford, England). 
500 |a Library has photocopy ed. 
504 |a Includes bibliographical references (page [137]) and index. 
650 0 |a Civilization, Ancient. 
650 0 |a Excavations (Archaeology) 
651 0 |a Near East   |x History   |y To 622. 
700 1 |a Oates, Joan. 
901 |a reviewed 
942 |c BK  |2 lcc 
999 |c 8436  |d 8436